Manual de operaciones de un horno de reverbero que procesa chatarra de aluminio

Presenta un manual de procedimientos para llevar de manera secuencial y lógica los pasos de cada procedimiento productivo, en las operaciones de un horno de reverbero que procesa chatarra de aluminio ubicado en la ciudad de Saltillo estado Coahuila México.

Bibliographic Details
Main Author: Amador Midence, Melissa Ethelgive
Other Authors: Tutor: Flores Valdez, Alfredo
Format: Tesis Section = Libro
Language:Undetermined
Spanish
Published: México UNI 2006
Subjects:
LEADER 01075nam a2200265Ia 4500
008 240830s9999 xx 000 0 und d
040 |a BIBLIOTECA-RUPAP Mon 671 A481 
041 |a spa 
082 |a Mon 671 A481 
100 1 |a Amador Midence, Melissa Ethelgive 
245 1 0 |a Manual de operaciones de un horno de reverbero que procesa chatarra de aluminio 
260 |a México  |b UNI  |c 2006 
300 |a 70 p. :il. 
500 |a Contiene: anexos. 
502 |a Tesis (Ingeniero Industrial)- UNI, 2006. 
520 3 |a Presenta un manual de procedimientos para llevar de manera secuencial y lógica los pasos de cada procedimiento productivo, en las operaciones de un horno de reverbero que procesa chatarra de aluminio ubicado en la ciudad de Saltillo estado Coahuila México. 
650 7 |a MANUAL - OPERACIONES - HORNO 
650 7 |b PROCESO DE FUNDICION - CHATARRA - MEXICO 
650 7 |c FUNDICION DE ALUMINIO 
650 7 |d IMPACTO AMBIENTAL 
650 7 |e CONTROL DE RIESGOS 
700 1 |a Tutor:  |b Flores Valdez, Alfredo 
942 |c BK  |2 ddc 
991 |a TESIS 
999 |c 17794